Loading...
| Science - Physics | 0 | 7 | 1 | 0 | 65 | 37 | 73.29 | 1 | 2 | 0.00 | 0.00 |
| Science - Biology | 0 | 6 | 0 | 1 | 60 | 29 | 88.67 | 0 | 1 | 0.00 | 0.00 |
| History - European | 0 | 4 | 0 | 1 | 40 | 80 | 109.25 | 0 | 0 | 0.00 | 0.00 |
| Science - Other | 0 | 3 | 1 | 1 | 25 | 22 | 55.67 | 2 | 2 | 0.00 | 0.00 |
| History - World | 0 | 3 | 1 | 1 | 25 | 70 | 99.33 | 0 | 1 | 0.00 | 0.00 |
| Fine Arts - Painting and Sculpture | 0 | 2 | 0 | 0 | 20 | 128 | 129.00 | 0 | 0 | 0.00 | 0.00 |
| Other Academic | 0 | 2 | 0 | 0 | 20 | 65 | 84.50 | 0 | 0 | 0.00 | 0.00 |
| Social Science | 0 | 2 | 1 | 0 | 15 | 71 | 76.50 | 1 | 1 | 0.00 | 0.00 |
| Fine Arts - Other | 0 | 1 | 0 | 0 | 10 | 124 | 124.00 | 0 | 0 | 0.00 | 0.00 |
| Geography | 0 | 1 | 0 | 0 | 10 | 34 | 34.00 | 1 | 1 | 0.00 | 0.00 |
| Mythology | 0 | 1 | 0 | 0 | 10 | 72 | 72.00 | 0 | 1 | 0.00 | 0.00 |
| Popular Culture | 0 | 1 | 0 | 1 | 10 | 138 | 138.00 | 0 | 0 | 0.00 | 0.00 |
| Science - Chemistry | 0 | 0 | 0 | 0 | 0 | 0.00 | 0 | 0 | 0.00 | 0.00 | |
| History - American | 0 | 2 | 4 | 0 | 0 | 106 | 106.50 | 0 | 0 | 0.00 | 0.00 |
| Religion | 0 | 0 | 1 | 0 | -5 | 0.00 | 0 | 0 | 0.00 | 0.00 |